ՀՀ Գիտությունների ազգային ակադեմիայի հիմնարար գիտական գրադարան  =   Fundamental Scientific Library of NAS RA

История Германии с древнейших времен до 1851 года : (Record no. 538897)

MARC details
000 -LEADER
fixed length control field 00996nam a2200217 a 4500
001 - CONTROL NUMBER
control field 000970513
003 - CONTROL NUMBER IDENTIFIER
control field AM-YEHGA
005 - DATE AND TIME OF LATEST TRANSACTION
control field 20260413104114.0
008 - FIXED-LENGTH DATA ELEMENTS--GENERAL INFORMATION
fixed length control field 130624s1860 ru r 000 0 rus d
040 ## - CATALOGING SOURCE
Original cataloging agency AM-YEHGA
Transcribing agency AM-YEHGA
041 1# - LANGUAGE CODE
Language code of text/sound track or separate title rus
Language code of original ger
100 1# - MAIN ENTRY--PERSONAL NAME
Personal name Кольрауш, Фридрих,
Dates associated with a name 1780-1867
245 10 - TITLE STATEMENT
Title История Германии с древнейших времен до 1851 года :
Remainder of title [Ч. 1-2] /
Statement of responsibility, etc. Соч. Кольрауша; Пер. с нем. Петра Бартенева.
260 ## - PUBLICATION, DISTRIBUTION, ETC.
Place of publication, distribution, etc. Москва :
Name of publisher, distributor, etc. тип. Л. Степановой,
Date of publication, distribution, etc. 1860.
300 ## - PHYSICAL DESCRIPTION
Extent часть ;
Dimensions 24 см.
504 ## - BIBLIOGRAPHY, ETC. NOTE
Bibliography, etc. note Библиогр. в начале отд. разд.
505 00 - FORMATTED CONTENTS NOTE
Miscellaneous information Ч. 1 (1860, 444, IV c.) :
Title С древнейших времен до Карла V ;
Miscellaneous information Ч. 2 (1860, 476, IV c.) :
Title Новая история
650 14 - SUBJECT ADDED ENTRY--TOPICAL TERM
Topical term or geographic name entry element История
Geographic subdivision Германия
700 1# - ADDED ENTRY--PERSONAL NAME
Personal name Бартенев, Петр Иванович,
Dates associated with a name 1829-1912
Relator term пер.
Relationship trl
942 ## - ADDED ENTRY ELEMENTS (KOHA)
Source of classification or shelving scheme Universal Decimal Classification
Koha item type Գրքեր / Books
Holdings
Withdrawn status Lost status Damaged status Not for loan Collection Home library Current library Date acquired Serial enumeration / chronology Total checkouts Full call number Barcode Date last seen Price effective from Koha item type Public note
        Kusikian Individual Collection Fundamental Scientific Library Fundamental Scientific Library 07/11/2025 Ч. 1   Кус/5522 FL0699842 07/11/2025 04/12/2025 Գրքեր / Books ILL Non-Circ.
        Kusikian Individual Collection Fundamental Scientific Library Fundamental Scientific Library 07/11/2025 Ч. 2   Кус/5523 FL0699843 07/11/2025 04/12/2025 Գրքեր / Books ILL Non-Circ.


ՀՀ ԳԱԱ հիմնարար գիտական գրադարան
ՀՀ,Երևան 0019
Մարշալ Բաղրամյան 24/6
հեռախոս:(374-10) 52-47-50
Հետադարձ կապ

All site content, except where otherwise noted, is licensed under a
Creative Commons License